Aposentadoria especial

Bibliographic Details
Main Author: Vieira Marcelo, Fernando
Format: Book
Language:Portuguese
Published: Brasil Editora JH Mizuno 2014
Subjects:
Online Access:Acceso restringido

MARC

LEADER 00000nam a22000007a 4500
005 20151217131658.0
007 cr|z|| ||u|
008 151217s2014 bl ||||| |||| 00||0 por d
020 |a 978-85-7789-157-3 
035 |a 12987 
040 |a vLex 
090 |c 5757  |d 5757 
100 1 |a Vieira Marcelo, Fernando 
245 1 0 |a Aposentadoria especial  |h [Recurso electrn̤ico] /  |c Fernando Vieira Marcelo 
256 |a Servicio en ln̕ea  
260 |a Brasil  |b Editora JH Mizuno  |c 2014 
300 |a 1 recurso electrn̤ico (3® Ediȯ̂ 390p) 
506 1 |a Contenido solo disponible en los productose indicados  |d vLex Global  |d vLex Global (Academic Edition, excluding Law Schools)  |d vLex Global (U.S. Academic Edition, Law Schools)  |d vLex Global (U.S. Academic Edition, excluding Law Schools)  |d vLex Global (Academic Edition, Law Schools) 
650 0 4 |a Derecho  |z Brasil 
740 0 |a vLex libros (servicio en ln̕ea) 
856 4 0 |u http://vlex.com/source/aposentadoria-especial-12987  |z Acceso restringido  
942 |c BOOK 
999 0 |a Law